00589 2200217 4500001002100000005001500021035002000036007000300056008004100059020002200100082000800122084001400130100002100144245007600165250001600241260002700257300004500284650001400329505001300343990001500356INLIS00000000000146820230209093627 a0010-0223000057ta230209 g 0 ind  a978-979-044-446-1 a612 a612 BRU f0 aBruce R. Johnson1 aFisiologi Manusia :bSebuah Pendekatan Terintegrasi /cBruce R. Johnson a1, cet.ke-1 aJakarta :bFKUI,c2013 axxxii, 925 hlm :bilus. ;c15 x 24 cme- 4aFisiologi ahlm. 925 a2015001152